Scientific information systems in Japan
保存先:
| 第一著者: | |
|---|---|
| フォーマット: | 図書 |
| 言語: | Undetermined |
| 出版事項: |
Amsterdam
North- Holland Publishing Company
1981
|
| 主題: | |
| タグ: |
タグ追加
タグなし, このレコードへの初めてのタグを付けませんか!
|
| Thư viện lưu trữ: | Trung tâm Học liệu Trường Đại học Cần Thơ |
|---|
| LEADER | 00565nam a2200193Ia 4500 | ||
|---|---|---|---|
| 001 | CTU_82978 | ||
| 008 | 210402s9999 xx 000 0 und d | ||
| 082 | |a 025 | ||
| 082 | |b I.35 | ||
| 100 | |a Inose, Hiroshi | ||
| 245 | 0 | |a Scientific information systems in Japan | |
| 245 | 0 | |c Hiroshi Inose | |
| 260 | |a Amsterdam | ||
| 260 | |b North- Holland Publishing Company | ||
| 260 | |c 1981 | ||
| 650 | |a Information,Information services | ||
| 650 | |x Storage and retrieval systems | ||
| 904 | |i QHieu(sửa) | ||
| 980 | |a Trung tâm Học liệu Trường Đại học Cần Thơ | ||